<?xml version="1.0" encoding="UTF-8"?><?xml-stylesheet type="text/xsl" href="static/style.xsl"?><OAI-PMH xmlns="http://www.openarchives.org/OAI/2.0/" xmlns:xsi="http://www.w3.org/2001/XMLSchema-instance" xsi:schemaLocation="http://www.openarchives.org/OAI/2.0/ http://www.openarchives.org/OAI/2.0/OAI-PMH.xsd"><responseDate>2026-04-28T21:22:02Z</responseDate><request verb="GetRecord" identifier="oai:uvadoc.uva.es:10324/67802" metadataPrefix="marc">https://uvadoc.uva.es/oai/request</request><GetRecord><record><header><identifier>oai:uvadoc.uva.es:10324/67802</identifier><datestamp>2024-12-17T07:53:23Z</datestamp><setSpec>com_10324_1186</setSpec><setSpec>com_10324_931</setSpec><setSpec>com_10324_894</setSpec><setSpec>col_10324_1404</setSpec></header><metadata><record xmlns="http://www.loc.gov/MARC21/slim" xmlns:doc="http://www.lyncode.com/xoai" xmlns:xsi="http://www.w3.org/2001/XMLSchema-instance" xmlns:dcterms="http://purl.org/dc/terms/" xsi:schemaLocation="http://www.loc.gov/MARC21/slim http://www.loc.gov/standards/marcxml/schema/MARC21slim.xsd">
<leader>00925njm 22002777a 4500</leader>
<datafield tag="042" ind1=" " ind2=" ">
<subfield code="a">dc</subfield>
</datafield>
<datafield tag="720" ind1=" " ind2=" ">
<subfield code="a">Salvo Comino, Coral</subfield>
<subfield code="e">author</subfield>
</datafield>
<datafield tag="720" ind1=" " ind2=" ">
<subfield code="a">Pérez González, Clara</subfield>
<subfield code="e">author</subfield>
</datafield>
<datafield tag="720" ind1=" " ind2=" ">
<subfield code="a">García Cabezón, Ana Cristina</subfield>
<subfield code="e">author</subfield>
</datafield>
<datafield tag="720" ind1=" " ind2=" ">
<subfield code="a">Rodríguez Méndez, María Luz</subfield>
<subfield code="e">author</subfield>
</datafield>
<datafield tag="260" ind1=" " ind2=" ">
<subfield code="c">2023</subfield>
</datafield>
<datafield tag="520" ind1=" " ind2=" ">
<subfield code="a">The analysis of archaeol is necessary in order to obtain greater knowledge about their presence in feces. This study was conducted to explore the capability of using data obtained from two spectroscopic methods, UV-Vis and FTIR, and from electrochemical sensors to determine the composition of cattle feces. Principal component analysis and correlation analysis using spectral data were used. By combining spectral and compositional data, useful calibrations were developed. These calibrations can be used to rapidly predict the constituents of new samples. On the basis of the results obtained here, electrochemical sensors were found to be successful in the rapid determination of archaeol and several other parameters in feces.</subfield>
</datafield>
<datafield tag="024" ind2=" " ind1="8">
<subfield code="a">Engineering Proceedings,  2023, Vol. 48, Nº. 1, 38</subfield>
</datafield>
<datafield tag="024" ind2=" " ind1="8">
<subfield code="a">2673-4591</subfield>
</datafield>
<datafield tag="024" ind2=" " ind1="8">
<subfield code="a">https://uvadoc.uva.es/handle/10324/67802</subfield>
</datafield>
<datafield tag="024" ind2=" " ind1="8">
<subfield code="a">10.3390/CSAC2023-14899</subfield>
</datafield>
<datafield tag="024" ind2=" " ind1="8">
<subfield code="a">38</subfield>
</datafield>
<datafield ind1=" " ind2=" " tag="653">
<subfield code="a">Electrochemical sensors</subfield>
</datafield>
<datafield ind1=" " ind2=" " tag="653">
<subfield code="a">Fecal archaeol</subfield>
</datafield>
<datafield ind1=" " ind2=" " tag="653">
<subfield code="a">FTIR analysis of feces</subfield>
</datafield>
<datafield tag="245" ind1="0" ind2="0">
<subfield code="a">Multivariate method to analyze archaeol in cattle feces</subfield>
</datafield>
</record></metadata></record></GetRecord></OAI-PMH>